Movies of 2008 Quiz Stats

 Plays Quiz Updated Jan 12, 2014

     
Support Sporcle.
Go Orange.
Score 0/20 Timer 07:00
2 Plays Today
Picture Movie % Correct
7The Dark Knight
92.4%
19Iron Man
84.8%
10Twilight
83.5%
15Slumdog Millionaire
83.3%
6Step Brothers
81.4%
2The Curious Case of Benjamin Button
79.9%
16Kung Fu Panda
77.5%
13Sex and the City
77%
12The Wrestler
72.8%
20Tropic Thunder
70.1%
Picture Movie % Correct
8Mamma Mia!
68.8%
4Gran Torino
67.7%
5Wall-E
67.2%
18Pineapple Express
59.5%
11Hancock
53.9%
17Milk
48.6%
9The Reader
35.1%
14Indiana Jones and the Kingdom of the Crystal Skull
34.9%
3Vicky Cristina Barcelona
24.5%
1Cloverfield
17.7%

From the Vault

What Movie? Back to the Camera XXVI

by Larryholmes79

Movies 8m
Most of the time people are supposed to avoid turning their backs to things.
Remove Ads.
Support Sporcle.
Get the best of Sporcle when you Go Orange. This ad-free experience offers more features, more stats, and more fun while also helping to support Sporcle. Thank you for becoming a member.

Show Comments

Extras

Top Quizzes Today


Score Distribution

Your Account Isn't Verified!

In order to create a playlist on Sporcle, you need to verify the email address you used during registration. Go to your Sporcle Settings to finish the process.

Report this User

Report this user for behavior that violates our Community Guidelines.

Details: